<?xml version="1.0" encoding="UTF-8"?><?xml-stylesheet type="text/xsl" href="static/style.xsl"?><OAI-PMH xmlns="http://www.openarchives.org/OAI/2.0/" xmlns:xsi="http://www.w3.org/2001/XMLSchema-instance" xsi:schemaLocation="http://www.openarchives.org/OAI/2.0/ http://www.openarchives.org/OAI/2.0/OAI-PMH.xsd"><responseDate>2026-04-18T02:27:31Z</responseDate><request verb="GetRecord" identifier="oai:riubu.ubu.es:10259/7808" metadataPrefix="marc">https://riubu.ubu.es/oai/request</request><GetRecord><record><header><identifier>oai:riubu.ubu.es:10259/7808</identifier><datestamp>2024-09-06T22:42:16Z</datestamp><setSpec>com_10259_2699</setSpec><setSpec>col_10259_2705</setSpec></header><metadata><record xmlns="http://www.loc.gov/MARC21/slim" xmlns:doc="http://www.lyncode.com/xoai" xmlns:xsi="http://www.w3.org/2001/XMLSchema-instance" xmlns:dcterms="http://purl.org/dc/terms/" xsi:schemaLocation="http://www.loc.gov/MARC21/slim http://www.loc.gov/standards/marcxml/schema/MARC21slim.xsd">
<leader>00925njm 22002777a 4500</leader>
<datafield tag="042" ind1=" " ind2=" ">
<subfield code="a">dc</subfield>
</datafield>
<datafield tag="720" ind1=" " ind2=" ">
<subfield code="a">Maingi, Evan Maina</subfield>
<subfield code="e">author</subfield>
</datafield>
<datafield tag="260" ind1=" " ind2=" ">
<subfield code="c">2022</subfield>
</datafield>
<datafield tag="520" ind1=" " ind2=" ">
<subfield code="a">Los láseres de pulso ultracorto han abierto nuevas oportunidades para la descontaminación segura y&#xd;
controlada de los materiales del patrimonio cultural. Este tipo de láseres son controlables, seguros bajo&#xd;
ciertas condiciones de uso y amigables con el medio ambiente, entre otras ventajas. En este trabajo se&#xd;
utilizaron láseres de pulsos ultracortos en el desarrollo de protocolos de limpieza con láser utilizando una&#xd;
serie de vidrieras contemporáneas que se utilizan frecuentemente en restauración; Uno de los objetivos es&#xd;
explorar la aplicabilidad del uso de estos láseres para eliminar de forma segura las incrustaciones de las&#xd;
vidrieras históricas. Se diseñaron protocolos de limpieza con láser que permitieron la eliminación segura y&#xd;
eficaz de las incrustaciones de la superficie del vidrio. Los protocolos establecidos se aplicaron con éxito&#xd;
en la limpieza láser de las vidrieras históricas de la Catedral de Cuenca (España) y la Catedral de Chartres&#xd;
(Francia) sin inducir daño a la capa de grisalla ni al sustrato de vidrio.</subfield>
</datafield>
<datafield tag="520" ind1=" " ind2=" ">
<subfield code="a">Ultra-short pulse lasers have opened up new opportunities for safe and controlled decontamination of&#xd;
cultural heritage materials. These types of lasers are controllable, safe under certain condition of use and&#xd;
are environmentally friendly among other advantages. In this work, ultra-short pulsed lasers were utilized&#xd;
in the development of laser cleaning protocols using a series of contemporary stained-glasses frequently&#xd;
used in restoration; one of the objectives being to explore the applicability of using these lasers to safely&#xd;
remove encrustations formed on historical stained-glass windows. Laser cleaning protocols were designed&#xd;
that allowed safe and effective removal of encrustations from the glass surface. The established protocols&#xd;
were successfully applied in the laser cleaning of historical stained-glass windows from Cuenca cathedral&#xd;
(Spain) and Chartres cathedral (France) without inducing damage to the grisaille layer or on the glass&#xd;
substrate.</subfield>
</datafield>
<datafield tag="024" ind2=" " ind1="8">
<subfield code="a">http://hdl.handle.net/10259/7808</subfield>
</datafield>
<datafield tag="024" ind2=" " ind1="8">
<subfield code="a">10.36443/10259/7808</subfield>
</datafield>
<datafield ind1=" " ind2=" " tag="653">
<subfield code="a">Vitral</subfield>
</datafield>
<datafield ind1=" " ind2=" " tag="653">
<subfield code="a">Patrimonio cultural</subfield>
</datafield>
<datafield ind1=" " ind2=" " tag="653">
<subfield code="a">Láser de pulso ultra-corto</subfield>
</datafield>
<datafield ind1=" " ind2=" " tag="653">
<subfield code="a">Conservación</subfield>
</datafield>
<datafield ind1=" " ind2=" " tag="653">
<subfield code="a">Stained-glass</subfield>
</datafield>
<datafield ind1=" " ind2=" " tag="653">
<subfield code="a">Cultural heritage</subfield>
</datafield>
<datafield ind1=" " ind2=" " tag="653">
<subfield code="a">Ultra-short pulsed laser</subfield>
</datafield>
<datafield ind1=" " ind2=" " tag="653">
<subfield code="a">Conservation</subfield>
</datafield>
<datafield tag="245" ind1="0" ind2="0">
<subfield code="a">Laser based intervention on historical stained-glasses</subfield>
</datafield>
</record></metadata></record></GetRecord></OAI-PMH>